header

Maendeleo katika nadharia ya fonolojia / (Record no. 251084)

MARC details
000 -LEADER
fixed length control field 01011cam a2200277 a 4500
001 - CONTROL NUMBER
control field 17398822
003 - CONTROL NUMBER IDENTIFIER
control field OSt
005 - DATE AND TIME OF LATEST TRANSACTION
control field 20251106082141.0
008 - FIXED-LENGTH DATA ELEMENTS--GENERAL INFORMATION
fixed length control field 120724s2011 tz a b 000 0 swa
010 ## - LIBRARY OF CONGRESS CONTROL NUMBER
LC control number 2012314256
020 ## - INTERNATIONAL STANDARD BOOK NUMBER
International Standard Book Number 9789987531295
040 ## - CATALOGING SOURCE
Original cataloging agency DLC
Transcribing agency DLC
042 ## - AUTHENTICATION CODE
Authentication code lcode
-- pcc
050 00 - LIBRARY OF CONGRESS CALL NUMBER
Classification number P217
Item number .M32 2011
100 1# - MAIN ENTRY--PERSONAL NAME
Personal name Massamba, David Phineas Bhukanda,
Dates associated with a name 1945-
245 10 - TITLE STATEMENT
Title Maendeleo katika nadharia ya fonolojia /
Statement of responsibility, etc David P.B. Massamba.
260 ## - PUBLICATION, DISTRIBUTION, ETC. (IMPRINT)
Place of publication, distribution, etc Dar es Salaam, Tanzania :
Name of publisher, distributor, etc Taasisi ya Taaluma za Kiswahili, Chuo Kikuu cha Dar es Salaam,
Date of publication, distribution, etc c2011.
300 ## - PHYSICAL DESCRIPTION
Extent vii, 295 p. :
Other physical details ill. ;
Dimensions 21 cm.
504 ## - BIBLIOGRAPHY, ETC. NOTE
Bibliography, etc Includes bibliographical references (p. 280-291) and index.
520 ## - SUMMARY, ETC.
Summary, etc About research progress made in the theory of phonology.
546 ## - LANGUAGE NOTE
Language note In Swahili.
650 #0 - SUBJECT ADDED ENTRY--TOPICAL TERM
Topical term or geographic name as entry element Grammar, Comparative and general
General subdivision Phonology.
906 ## - LOCAL DATA ELEMENT F, LDF (RLIN)
a 7
b cbc
c origode
d 3
e ncip
f 20
g y-gencatlg
942 ## - ADDED ENTRY ELEMENTS (KOHA)
Source of classification or shelving scheme Library of Congress Classification
Koha item type Long Loan Books
Holdings
Withdrawn status Lost status Source of classification or shelving scheme Damaged status Not for loan Collection code Home library Current library Shelving location Date acquired Total Checkouts Full call number Barcode Date last seen Date checked out Price effective from Koha item type
    Library of Congress Classification     Non-fiction Rongo University Library Rongo University Library New Materials Shelf 06/11/2015 3 P217 .M32 2011 20091370 18/10/2024 15/10/2024 06/11/2015 Long Loan Books
    Library of Congress Classification     Non-fiction Rongo University Library Rongo University Library General Stacks 09/06/2016   P217 .M32 2011 20091372 09/06/2016   09/06/2016 Long Loan Books
    Library of Congress Classification     Non-fiction Rongo University Library Rongo University Library General Stacks 07/12/2024 7 P217 .M32 2020 202401188 26/11/2025 06/11/2025 07/12/2024 Long Loan Books

© 2026 Rongo University
Contact us: librarian | system librarian | Rongo university